Statistics for Counties of the Republic of Ireland

Click here to take the quiz!

General Stats

  • This quiz has been taken 25 times
  • The average score is 21 of 26

Answer Stats

Hint Answer % Correct
Dublin
100%
Cork
95%
Limerick
95%
Westmeath
90%
Meath
90%
Wexford
90%
Waterford
90%
Galway
90%
Kerry
85%
Donegal
85%
Kilkenny
85%
Tipperary
85%
Laois
85%
Louth
85%
Clare
85%
Roscommon
80%
Mayo
80%
Sligo
80%
Carlow
80%
Cavan
75%
Leitrim
70%
Offaly
65%
Kildare
60%
Wicklow
60%
Longford
60%
Monaghan
55%

Score Distribution

Percentile by Number Answered

Percent of People with Each Score

Your Score History

You have not taken this quiz